Γραμμική Αλγεβρα και Εφαρμογές / Γραμμική Αλγεβρα: Τεύχος Α' (Record no. 5061)
[ view plain ]
| 000 -LEADER | |
|---|---|
| fixed length control field | 01089cam a22001934a 4500 |
| 005 - ΗΜΕΡΟΜΗΝΙΑ ΚΑΙ ΩΡΑ ΤΕΛΕΥΤΑΙΑΣ ΕΝΗΜΕΡΩΣΗΣ | |
| Πεδίο ελέγχου | 20250827111142.0 |
| 008 - FIXED-LENGTH DATA ELEMENTS--GENERAL INFORMATION | |
| Πεδίο ελέγχου σταθερού μήκους | 250528s ||||||||||||||||||||||||d |
| 035 ## - SYSTEM CONTROL NUMBER | |
| System control number | 19814 |
| 020 ## - ISBN | |
| ISBN | 9602550678 |
| 040 ## - ΠΗΓΗ ΚΑΤΑΛΟΓΟΓΡΑΦΗΣΗΣ | |
| Φορέας πρωτότυπης καταλογογράφησης | MC Athens Campus Library |
| Γλώσσα καταλογογράφησης | Ελληνικά, Μοντέρνα (1453-) |
| Modifying agency | MC Athens Campus Library |
| Κανόνες περιγραφικής καταλογογράφησης | AACR2 |
| 245 1# - ΤΙΤΛΟΣ ΚΑΙ ΔΗΛΩΣΗ ΥΠΕΥΘΥΝΟΤΗΤΑΣ | |
| Τίτλος | Γραμμική Αλγεβρα και Εφαρμογές / Γραμμική Αλγεβρα: Τεύχος Α' |
| 260 ## - PUBLICATION, DISTRIBUTION, ETC. | |
| Name of publisher, distributor, etc. | Οικονομικό, |
| Date of publication, distribution, etc. | 1996 |
| 300 ## - PHYSICAL DESCRIPTION | |
| Extent | 288 |
| 520 ## - SUMMARY, ETC. | |
| Summary, etc. | Διανύσματα στο Επίπεδο, Διανύσματα στο Χώρο, Ευθείες - Επίπεδα, Γραμμικές Εξισώσεις - Αλγόριθμος Gauss, Διανυσματικοί Χώροι, Πίνακες, Ορίζουσες - Αντίστροφος, Αλλαγή Βάσης - Ορθογώνοι Πίνακες, Τετραγωνικές Μορφές - Συμμετρικοί Πίνακες, Γραμμικές Απεικονίσεις, Ιδιότιμες, Δυνάμεις και Νόρμες. |
| 700 1# - ΠΡΟΣΘΕΤΗ ΑΝΑΓΡΑΦΗ--ΦΥΣΙΚΟ ΠΡΟΣΩΠΟ | |
| Personal name | Φλυτζάνης, Ηλίας Γ. |
| 9 (RLIN) | 5990 |
| 942 ## - ADDED ENTRY ELEMENTS (KOHA) | |
| Koha item type | Books |
| Τύπος τεκμηρίου | Βιβλιοθήκη | Τρέχουσα τοποθεσία | Barcode | Αριθμός εισαγωγής | Ημερομηνία απόκτησης | Ταξιθετικό σύμβολο | Αριθμός αντιτύπου | Κατάσταση απόσυρσης | Κατάσταση χαμένου | Κατάσταση κατεστραμμένου | Μη δανεισμός | Σύνολο δανεισμών | Ημερομηνία τελευταίας εμφάνισης | Η τιμή ισχύει από |
|---|---|---|---|---|---|---|---|---|---|---|---|---|---|---|
| Books | MC Athens Campus Library | MC Athens Campus Library | 9780000050601 | 5912 | 05/06/2025 | 512.5 FLI V.A | 1 | 05/06/2025 | 05/06/2025 |